000 00778nam a2200265Ia 4500
003 OSt
005 20220918213409.0
006 a|||||r|||| 00| 0
007 ta
008 220917b |||||||| |||| 00| 0 eng d
024 _a132,494
037 _cTextual
040 _aARTS
_cARTS
_beng
041 _2eng
_aeng
082 _aX:89M, L7
100 _aBuffa Elwood S
_9126779
245 0 _aManagement science
_b operations research
260 _aNew York
_bJohn Wiley
_c1977
300 _ax,725p.
_ccm.
490 _aWiley/Hemilton sericees in management and administration edited by Elwood S Butta
650 _aECONOMICS
700 _a Dyer James S
_9126780
942 _hX:89M, L7
_cTEXL
_2CC
999 _c255605
_d255605